00000000nam 2200000zi 4500
0019.954225
003CaOODSP
00520250822101436
006m     o  d f      
007cr mn|||||||||
008250818s2024    onca    o    f000 0 fre d
040 |aCaOODSP|bfre|erda|cCaOODSP
043 |an-cn---
0861 |aT35-2/4-1-2024F-PDF
24500|aFaits saillants sur Indemnisation navire et rail Canada - Fonds rail.
264 1|aOttawa (Ontario) : |bIndemnisation navire et rail Canada, Fonds rail, |c[2024]
300 |a1 ressource en ligne (8 pages non numérotées) : |billustrations en couleur
336 |atexte|btxt|2rdacontent/fre
337 |ainformatique|bc|2rdamedia/fre
338 |aressource en ligne|bcr|2rdacarrier/fre
500 |aPublié aussi en anglais sous le titre : Key facts about Ship and Rail Compensation Canada - Rail Fund.
61026|aIndemnisation navire et rail Canada. |bFonds rail.
650 6|aResponsabilité pour accidents de chemins de fer|zCanada.
650 6|aIndemnisation|zCanada.
650 6|aDommages-intérêts|zCanada.
7102 |aIndemnisation navire et rail Canada. |bFonds rail, |eorganisme de publication.
77508|tKey facts about Ship and Rail Compensation Canada - Rail Fund.|w(CaOODSP)9.954226
85640|qPDF|s4.26 Mo|uhttps://publications.gc.ca/collections/collection_2025/tc/T35-2-4-1-2024-fra.pdf